Central Library and Information Centre
Sibsagar Girls' College, Sivasagar : Assam

A STUDENTS HANDBOOK OF HOUSEWIFERY (Record no. 4262)

MARC details
000 -LEADER
fixed length control field 00410cam a2200169ua 4500
008 - FIXED-LENGTH DATA ELEMENTS--GENERAL INFORMATION
fixed length control field 151112n1989 II |||gr||||Z||||||eng
040 ## - CATALOGING SOURCE
Original cataloging agency MAIN
041 ## - LANGUAGE CODE
-- English
082 ## - DEWEY DECIMAL CLASSIFICATION NUMBER
Classification number 640 KAY
100 ## - MAIN ENTRY--PERSONAL NAME
Personal name KAYE, A. M.
245 ## - TITLE STATEMENT
Title A STUDENTS HANDBOOK OF HOUSEWIFERY
260 ## - PUBLICATION, DISTRIBUTION, ETC.
Place of publication, distribution, etc. NEW DELHI
Name of publisher, distributor, etc. KALYANI PUBLISHERS
Date of publication, distribution, etc. 1989
300 ## - PHYSICAL DESCRIPTION
Extent 356.:
Dimensions 20CM.
942 ## - ADDED ENTRY ELEMENTS (KOHA)
Koha item type Books
653 ## - INDEX TERM--UNCONTROLLED
Uncontrolled term Home & family management
Holdings
Withdrawn status Lost status Damaged status Not for loan Collection code Home library Current library Shelving location Date acquired Full call number Barcode Date last seen Copy number Price effective from Koha item type Public note
        TBHMSC Central Library and Information Centre Sibsagar Girls College Central Library and Information Centre Sibsagar Girls College HOMESCIENCE BOOK RACK 06.06.1990 640 KAY 12606 27.02.2020 1 27.02.2020 Books V


Sibsagar Girl's College © 2020. All rights reserved.
Powered by Koha.
Maintained by Abhijit Borpuzari.